000 00553nam a22001817a 4500
003 CEME
005 20210628210611.0
008 210210b xxu||||| |||| 00| 0 eng d
020 _a0-471-14979-9
040 _c.
082 _a658.408 ENV
100 _aSeemer, Stephen.W
_980127
245 _aEnvironmental roi successful techniques in cost avoidance
260 _aNEW YORK
_bJOHN WILEY
_c1996
300 _a277P
650 _aENVIRONMENTAL PROTECTION INDUSTRIAL MANAGEMENT-ENVIRONMENTAL ASPECTS CAPITAL INVESTMENTS RATE
_980128
942 _cBK
_2ddc
999 _c585092
_d585092